| 000 | 00740nam a22002057a 4500 | ||
|---|---|---|---|
| 999 |
_c9484 _d9484 |
||
| 003 | AR-CdUCM | ||
| 008 | 190328b ||||| |||| 00| 0 spa d | ||
| 040 |
_aMUNICIPALIDAD PROVINCIAL DEL CUSCO _cBIBLIOTECA MUNICIPAL DEL CUSCO |
||
| 082 |
_a923.2 / _bC83 / 1939 |
||
| 100 |
_aCossio del Pomar, F. _925703 |
||
| 245 |
_aHaya de la Torre : _bEl indoamericano / |
||
| 260 |
_aMéxico : _bAmérica, _c1939. |
||
| 300 |
_a291 páginas ; _c19 cm. |
||
| 505 | _aContenido: Geografía Peruana -- Trujillo -- Lima -- La reforma -- La fundación del A.P.R.A. -- Hacia la U.R.S.S. y Europa -- Sánchez Cerro ... | ||
| 650 |
_aBiografía _922 |
||
| 650 |
_aReforma _94889 |
||
| 650 |
_aPolíticos Perú _911754 |
||
| 942 |
_2ddc _cLIBROS |
||
| 945 | _aachl | ||